书目信息 |
| 题名: |
怎样阅读电气工程图
|
|
| 作者: | 何村民 编 | |
| 分册: | ||
| 出版信息: | 北京 中国建筑工业出版社 1995.08 |
|
| 页数: | 353页 | |
| 开本: | 16开 | |
| 丛书名: | ||
| 单 册: | ||
| 中图分类: | TM92 | |
| 科图分类: | ||
| 主题词: | 电气化 , 电能--应用 | |
| 电子资源: | ||
| ISBN: | 7-112-02486-2 | |
| 000 | 00592nam0 2200205 45 | |
| 001 | 0002240840 | |
| 005 | 20150429160805.50 | |
| 010 | @a7-112-02486-2@d24.00元 | |
| 100 | @a20000224d1995 km y0chiy0120 ea | |
| 101 | @achi | |
| 200 | 1 | @a怎样阅读电气工程图@AZen Yang Yue Du Dian Qi Gong Cheng Tu@f何村民,尹金英编@FHe Cun Min,Yin Jin Ying Bian |
| 205 | @a2版 | |
| 210 | @a北京@c中国建筑工业出版社@d1995.08 | |
| 215 | @a353页@d16开 | |
| 606 | 0 | @a电气化 |
| 606 | 0 | @a电能@x应用 |
| 690 | @aTM92@v3 | |
| 701 | @a何村民@4编 | |
| 801 | @aCN@bPftUser@c20000224 | |
| 905 | @f3@b49297-299@dTM92@eH523=2 | |
| 怎样阅读电气工程图/何村民,尹金英编.-2版.-北京:中国建筑工业出版社,1995.08 |
| 353页;16开 |
| ISBN 7-112-02486-2:24.00元 |
| ● |
| 相关链接 |
|
|
|
正题名:怎样阅读电气工程图
索取号:TM92/H523=2
 
预约/预借
| 序号 | 登录号 | 条形码 | 馆藏地/架位号 | 状态 | 备注 |
| 1 | 152596 | 201525965 | 自科二线504/504自科库 11排1列4层/ [索取号:TM92/H523=2] | 在馆 | |
| 2 | 496875 | 204968758 | 能源与建筑环境工程学院资料室/ [索取号:TM92/H523=2] | 在馆 |